| 000 | 00850nas a2200277 4500 | ||
|---|---|---|---|
| 001 | BR9803575 | ||
| 003 | BR-BrBNA | ||
| 005 | 20231205100826.0 | ||
| 007 | ta | ||
| 008 | 230509b bl.|||p| |||| 00| 00por d | ||
| 040 |
_aBR-BrBNA _bpor _cBiblioteca Nacional de Agricultura |
||
| 041 | _a(Pt) | ||
| 072 | _aF08 | ||
| 100 | 1 | _aSantos, H.P. dos | |
| 100 | 1 | _aAmbrosi, I. | |
| 100 | 1 | _aLhamby, J.C.B. | |
| 100 | 1 | _aBaier, A.C. | |
| 245 | 1 | _aAnalise de risco de sistemas de rotacao de culturas com triticale, sob sistema plantio direto | |
| 650 | _aTriticale | ||
| 650 | _aRotacao de Cultura | ||
| 650 | _aPlantio Direto | ||
| 650 | _aAnalise de Risco | ||
| 773 | 0 |
_tPesquisa Agropecuaria Brasileira (Brazil) _xISSN 0100-204X _g(Apr 1998), v. 33(4) p. 375-383 _wBR9803575 |
|
| 909 |
_a202311 _bLúcia _c55 _dLúcia Elande |
||
| 942 |
_2AGRIS _n0 _cANA |
||
| 999 |
_c158305 _d158305 |
||